000 00871nam a2200253Ia 4500
003 OSt
005 20220923230410.0
006 a|||||r|||| 00| 0
007 ta
008 220922b |||||||| |||| 00| 0 hin d
024 _a281,137
037 _cTextual
040 _aARTS
_cARTS
_bhin
041 _2hin
_ahin
082 _aO152,6xN3:g, L9
100 _aखरे, गणेश
245 0 _aहिन्दी के प्रमुख निबन्धकार रचना और शिल्प
246 _aHindī ke pramukh nibandhakār rachanā aur shilpa
260 _aकानपुर
_b अभिलाषा प्रकाशन
_c1979
300 _a159पृ.
_ccm.
650 _aहिन्दी साहित्य
_9156264
942 _hO152,6xN3:g, L9
_cTEXL
_2CC
999 _c384564
_d384564